| 000 | 00903 a2200169 4500 | ||
|---|---|---|---|
| 003 | Nust | ||
| 005 | 20230208095000.0 | ||
| 040 | _cNust | ||
| 082 | _a954.1,MON | ||
| 100 |
_aMons, Barbara _9108717 |
||
| 245 |
_aHigh Road To Hunza / _cBarbara Mons |
||
| 260 |
_aLondon _bFaber and Faber |
||
| 300 | _a157:p | ||
| 505 | _aThe Idea (Page-11), Istanbul (Page-15), Anatolia and Cilicia (Page-22) Goats in Aleppo (Page-26), Hama to Damascus (Page-33), Over the Euphrates (Page-40), To Isfahan (Page-50), Singing in the Wilderness (Page-55), The Grand Trunk Road (Page-70), The Great North Road (Page-74), House With a View (Page-86), Looking Back (Page-90), Home Life in Hunza (Page-98), Custom, Faith and Language (Page-108), Festival (Page-119), A Quiver of Arrows (Page-128), Hunza Crafts (Page-135), The Beaten Track (Page-147). | ||
| 650 |
_a Hunza , Pakistan _9108718 |
||
| 942 |
_2ddc _cBK _k954.1,MON |
||
| 999 |
_c187471 _d187471 |
||